| 000 | 00921nas a2200313 4500 | ||
|---|---|---|---|
| 001 | BR0705304 | ||
| 003 | BR-BrBNA | ||
| 005 | 20231205110951.0 | ||
| 007 | ta | ||
| 008 | 230509b bl.|||p| |||| 00| 00por d | ||
| 040 |
_aBR-BrBNA _bpor _cBiblioteca Nacional de Agricultura |
||
| 041 | _a(Pt) | ||
| 072 | _aN20 | ||
| 100 | 1 | _aReis, G.N. dos | |
| 100 | 1 | _aLopes, A. | |
| 100 | 1 | _aFurlani, C.E.A. | |
| 100 | 1 | _aDabdoub, M.J. | |
| 100 | 1 | _aSilva, R.P. | |
| 100 | 1 | _aGrotta, D.C.C. | |
| 100 | 1 | _aCamara, F.T. da | |
| 245 | 1 | _aAnálise comparativa entre biodiesel filtrado e biodiesel destilado em trator agrícola | |
| 650 | _aTRATOR | ||
| 650 | _aCOMBUSTÍVEL | ||
| 650 | _aCONSUMO | ||
| 650 | _aBIOENERGIA | ||
| 773 | 0 |
_tRevista de Ciências Agroveterinárias (Brazil) _xISSN 1676-9732 _g(Jul-Dec 2006), v. 5(2) p. 149-155 _wBR0705304 |
|
| 909 |
_a202311 _bLúcia _c55 _dLúcia Elande |
||
| 942 |
_2AGRIS _n0 _cANA |
||
| 999 |
_c189989 _d189989 |
||